Statistics for The Police - Zenyatta Mondatta

Click here to take the quiz!

General Stats

  • This quiz has been taken 12 times
  • The average score is 6 of 11

Answer Stats

SongAnswer% Correct
4Canary in a Coalmine
88%
7De Do Do Do, De Da Da Da
88%
1Don't Stand So Close To Me
88%
9Man in a Suitcase
75%
6Bombs Away
63%
8Behind My Camel
50%
3When the World is Running Down, You Make the Best of What's Still Around
50%
2Driven to Tears
38%
10Shadows in the Rain
25%
11The Other Way of Stopping
25%
5Voices Inside My Head
13%

Score Distribution

Percentile by Number Answered

Percent of People with Each Score

Your Score History

You have not taken this quiz